000
00336nam a2200145Ia 4500
100
_a
Joshi/ D./ Sharma/ R.
942
_c
BK
654
_a
Vijay mukhis clipper 5.01/87 test
245
_a
Vijay Mukhis Clipper 5.01/87 test
260
_b
BPB Pub
_a
New Delhi
_c
1993
082
_a
5.1
300
_a
925
546
_a
ENGLISH
999
_c
31175
_d
31175